000 01113nam0a22002771 4500
001 v19\rc\1279693
005 20250618010548.0
035 _a(NLR Aleph) 004430339
090 _a4258491
_c4258491
100 _a20060306e18321832|||y0rusy50 ca
101 0 _arus
102 _aRU
105 _aa z |||||
200 1 _aОписание разрушения турецкой крепости Тульчи подрывными минами в 1829 году под надзором инженер-капитана Воронецкого
_f(Сост. самим г. Воронецким)
210 _a[Санкт-Петербург
_d1832]
215 _a23 с., 4 л. ил.
_d21
309 _aБез тит. л. и обл.
311 _aОтт. из "Инж. зап." Ч. 15, кн. 1, 1832
488 0 _12001#$aИнженерные записки$v1832, ч. 15, кн. 1
_tИнженерные записки
700 1 _aВоронецкий
_cинж.
_4220
801 0 _aRU
_bNLR
_gpsbo
801 0 _aRU
_bRuMoRGB
_2psbo
801 1 _aRU
_bProSoft-M
_2rusmarc
852 _aNLR
_j20.60.6.435
942 _cBOOK
980 _aNB